Introducción a la temática de salud y sociedad /

Uloženo v:
Podrobná bibliografie
Hlavní autor: González, Vinicio
Médium: Text
Témata:
Tagy: Přidat tag
Žádné tagy, Buďte první, kdo vytvoří štítek k tomuto záznamu!

MARC

LEADER 00000 a a2200000 04500
001 47410
003
040
090 |a REV0857 1 (1) 1975  
100 |a González, Vinicio  
245 |a Introducción a la temática de salud y sociedad /  |c Vinicio González  
500 |a En este apartado se expone el preámbulo de la Introducción a la temática de salud y sociedad y la primera parte: El desarrollo histórico del pensamiento científico. Lo biológico y lo social.  
650 |a SALUD  
650 |a SOCIEDAD  
650 |a ASPECTOS SOCIALES  
650 |a PENSAMIENTO  
773 |a volumen1, número1, mayo-agosto (1975)  
999 |c 38600  |d 38600